[Event "EICC 2021"]
[Site "Reykjavik"]
[Date "2021.09.05"]
[Round "11.1"]
[White "Deac, Bogdan-Daniel"]
[Black "Demchenko, Anton"]
[Result "1/2-1/2"]
[WhiteElo "2639"]
[BlackElo "2597"]
[Annotator "RC"]
[PlyCount "56"]
[EventDate "2021.08.26"]
[EventType "swiss"]
[EventCountry "ISL"]
[Tiebreak "Cut1 Buchholz"]
[SourceTitle "playchess.com"]
[Source "ChessBase"]
[SourceQuality "1"]
[TimeControl "40/5400+30:1800+30"]

1. d4 {[%emt 0:00:02]} Nf6 {[%emt 0:00:08]} 2. Nf3 {[%emt 0:00:05]} g6 {
[%emt 0:00:06]} 3. Nbd2 {[%emt 0:01:12]} d5 {[%emt 0:00:23]} 4. Nb3 {[%emt 0:
00:38]} Bg7 {[%emt 0:01:34]} 5. Bf4 {[%emt 0:00:37]} Nbd7 {[%emt 0:19:29]} 6.
e3 {[%emt 0:01:58]} c5 {[%emt 0:01:21]} 7. dxc5 {[%emt 0:01:03]} Nxc5 {[%emt 0:
00:26]} 8. Nxc5 {[%emt 0:00:23]} Qa5+ {[%emt 0:00:04]} 9. c3 {[%emt 0:00:09]}
Qxc5 {[%emt 0:00:07]} 10. Qd4 {[%emt 0:00:08]} Qxd4 {[%emt 0:03:40]} 11. exd4 {
[%emt 0:03:40]} O-O {[%emt 0:05:14]} 12. a4 {[%emt 0:04:45]} a5 {[%emt 0:03:42]
} 13. Ne5 {[%emt 0:12:56]} Ne4 {[%emt 0:01:38]} 14. Be2 {[%emt 0:03:49]} g5 {
[%emt 0:02:34]} 15. Be3 {[%emt 0:04:02]} f6 {[%emt 0:00:09]} 16. Nd3 {[%emt 0:
01:22]} b6 {[%emt 0:00:07]} 17. O-O {[%emt 0:04:54]} Bd7 {[%emt 0:04:54]} 18.
Rfe1 {[%emt 0:00:39]} Rfc8 {[%emt 0:01:35]} 19. f3 {[%emt 0:01:49]} Nd6 {
[%emt 0:00:05]} 20. Nf2 {[%emt 0:00:04]} Rab8 {[%emt 0:03:16]} 21. Bc1 {
[%emt 0:03:56]} Kf7 {[%emt 0:01:31]} 22. f4 {[%emt 0:04:29]} h6 {[%emt 0:01:07]
} 23. Bh5+ {[%emt 0:01:15]} Kf8 {[%emt 0:00:10]} 24. Bf3 {[%emt 0:05:26]} e6 {
[%emt 0:02:21]} 25. fxg5 {[%emt 0:00:34]} hxg5 {[%emt 0:02:28]} 26. h4 {
[%emt 0:00:06]} gxh4 {[%emt 0:03:21]} 27. Bf4 {[%emt 0:00:11]} Nf7 {[%emt 0:00:
28]} 28. Bxb8 {[%emt 0:00:15]} Rxb8 {[%emt 0:00:36]} 1/2-1/2

[Event "EICC 2021"]
[Site "Reykjavik"]
[Date "2021.09.05"]
[Round "11.2"]
[White "Keymer, Vincent"]
[Black "Vocaturo, Daniele"]
[Result "1-0"]
[WhiteElo "2602"]
[BlackElo "2630"]
[Annotator "ChessBase"]
[PlyCount "79"]
[EventDate "2021.08.26"]
[EventType "swiss"]
[EventCountry "ISL"]
[Tiebreak "Cut1 Buchholz"]
[SourceTitle "playchess.com"]
[Source "ChessBase"]
[SourceQuality "1"]
[TimeControl "40/5400+30:1800+30"]

1. Nf3 {[%emt 0:00:03]} Nf6 {[%emt 0:00:25]} 2. c4 {[%emt 0:00:04]} e6 {
[%emt 0:00:38]} 3. b3 {[%emt 0:00:04]} d5 {[%emt 0:01:12]} 4. Bb2 {[%emt 0:00:
05]} Be7 {[%emt 0:00:51]} 5. e3 {[%emt 0:00:06]} O-O {[%emt 0:01:23]} 6. Nc3 {
[%emt 0:00:04]} c5 {[%emt 0:01:50]} 7. cxd5 {[%emt 0:00:04]} exd5 {[%emt 0:00:
17]} 8. d4 {[%emt 0:00:36]} Nc6 {[%emt 0:01:09]} 9. Be2 {[%emt 0:02:16]} Ne4 {
[%emt 0:01:32]} 10. dxc5 {[%emt 0:04:40]} Qa5 {[%emt 0:01:23]} 11. Rc1 {
[%emt 0:00:34]} Bf6 {[%emt 0:00:11]} 12. Nd4 {[%emt 0:01:10]} Nxc5 {[%emt 0:02:
07]} 13. Nxc6 {[%emt 0:03:20]} bxc6 {[%emt 0:00:07]} 14. O-O {[%emt 0:15:47]}
Ne4 {[%emt 0:05:53]} 15. Qc2 {[%emt 0:03:35]} Nxc3 {[%emt 0:01:01]} 16. Bxc3 {
[%emt 0:00:06]} Bxc3 {[%emt 0:00:07]} 17. Qxc3 {[%emt 0:00:03]} Qxa2 {[%emt 0:
00:13]} 18. Rc2 {[%emt 0:07:30]} Qa3 {[%emt 0:00:11]} 19. Ra1 {[%emt 0:00:40]}
Qe7 {[%emt 0:00:11]} 20. Qxc6 {[%emt 0:00:08]} Be6 {[%emt 0:04:11]} 21. Qc5 {
[%emt 0:14:02]} Qxc5 {[%emt 0:09:11]} 22. Rxc5 {[%emt 0:00:08]} Rfd8 {[%emt 0:
02:23]} 23. b4 {[%emt 0:07:23]} d4 {[%emt 0:05:12]} 24. exd4 {[%emt 0:00:18]}
Rxd4 {[%emt 0:00:12]} 25. b5 {[%emt 0:00:56]} Rd2 {[%emt 0:15:53]} 26. Bf3 {
[%emt 0:05:03]} Rad8 {[%emt 0:01:06]} 27. h3 {[%emt 0:07:13]} R2d7 {[%emt 0:01:
35]} 28. Rc3 {[%emt 0:04:43]} Bd5 {[%emt 0:11:12]} 29. Bg4 {[%emt 0:00:38]} Be6
{[%emt 0:01:58]} 30. Be2 {[%emt 0:00:59]} Rd2 {[%emt 0:02:26]} 31. Bf3 {
[%emt 0:01:40]} Rb2 {[%emt 0:06:29]} 32. Bc6 {[%emt 0:00:49]} g6 {[%emt 0:04:
56]} 33. Rxa7 {[%emt 0:02:38]} Rd1+ {[%emt 0:04:43]} 34. Kh2 {[%emt 0:00:13]}
Rxf2 {[%emt 0:02:04]} 35. b6 {[%emt 0:02:35]} Rb2 {[%emt 0:00:06]} 36. b7 {
[%emt 0:01:25]} Kg7 {[%emt 0:00:17]} 37. Rc5 {[%emt 0:05:09]} Rdb1 {[%emt 0:06:
10]} 38. Be4 {[%emt 0:00:27]} Rd1 {[%emt 0:03:48]} 39. Raa5 {[%emt 0:03:43]}
Bd7 {[%emt 0:02:37]} 40. Rab5 {[%emt 0:01:46]} 1-0

[Event "EICC 2021"]
[Site "Reykjavik"]
[Date "2021.09.05"]
[Round "11.3"]
[White "Mamedov, Rauf"]
[Black "Sarana, Alexey"]
[Result "1/2-1/2"]
[WhiteElo "2654"]
[BlackElo "2643"]
[Annotator "TA"]
[PlyCount "54"]
[EventDate "2021.08.26"]
[EventType "swiss"]
[EventCountry "ISL"]
[Tiebreak "Cut1 Buchholz"]
[SourceTitle "playchess.com"]
[Source "ChessBase"]
[SourceQuality "1"]

{[%evp 14,52,0,0,0,0,0,0,0,0,0,0,0,0,0,0,0,0,0,0,0,0,0,0,0,0,0,0,0,0,0,0,0,0,0,
0,0,0,0,0,0]} 1. e4 c5 2. Nf3 d6 3. d4 cxd4 4. Nxd4 Nf6 5. Nc3 a6 6. Bg5 e6 7.
f4 Qb6 8. Qd3 {The position is equal.} Qxb2 {B97: Sicilian Najdorf: Poisoned
Pawn.} 9. Rb1 Qa3 10. f5 {Threatens to win with Qc4.} Be7 11. fxe6 $1 {The
main line 11.fxe6 scores better than 11.Be2.} fxe6 12. Be2 Qa5 13. Bd2 Qc7 14.
g4 {Hoping for g5.} h6 15. Qh3 {g5 is the strong threat.} O-O 16. g5 hxg5 17.
Nxe6 {[%mdl 64] [#] Double Attack} Qc6 18. O-O {Strongly threatening Nd5.} ({
Wrong is} 18. Bxg5 $2 Nxe4 19. Bxe7 Rf7 $19) 18... d5 $1 19. exd5 Nxd5 20. Nxd5
Qxd5 {[%mdl 64] [#] Double Attack} 21. Bd3 $36 {[%csl Gd3][%cal Rh3h7][%mdl
2048] White is more active.} Bc5+ 22. Be3 Bxe3+ 23. Qxe3 {[%csl Ge6][%cal
Rf1f8]} Rxf1+ 24. Rxf1 {[%csl Ge6][%cal Rf1f8]} Qxe6 25. Bc4 Qxc4 {[%mdl 64]
Double Attack} 26. Qe8+ Kh7 {[#] A rather calm draw.  Weighted Error Value:
White=0.00/Black=0.00} {Predecessor:} 27. Qh5+ $146 Kg8 {1/2-1/2 (27) Gashimov,
V (2740)-Karjakin,S (2725) Nice 2010} 1/2-1/2

[Event "EICC 2021"]
[Site "Reykjavik"]
[Date "2021.09.05"]
[Round "11.4"]
[White "Antipov, Mikhail Al."]
[Black "Navara, David"]
[Result "1/2-1/2"]
[WhiteElo "2607"]
[BlackElo "2675"]
[Annotator "TA"]
[PlyCount "107"]
[EventDate "2021.08.26"]
[EventType "swiss"]
[EventCountry "ISL"]
[Tiebreak "Cut1 Buchholz"]
[SourceTitle "playchess.com"]
[Source "ChessBase"]
[SourceQuality "1"]

{[%evp 12,107,4,10,7,15,21,8,12,10,22,3,3,3,4,0,0,0,0,0,0,0,0,-14,-1,-10,-4,-9,
-5,-5,0,0,0,0,0,0,0,0,0,0,28,28,29,24,32,35,35,24,41,29,53,21,22,29,47,42,141,
60,61,61,59,60,56,19,21,37,37,35,103,41,41,45,44,54,43,25,27,25,25,25,25,20,25,
8,58,58,58,58,62,20,20,16,16,16,16,16,16,16]} 1. e4 e5 2. Nf3 Nc6 3. Bc4 Bc5 4.
d3 Nf6 5. O-O O-O 6. h3 d6 7. c3 a5 {C54: Giuoco Piano: 4 c3 Nf6, main lines
with 5 d4 and 5 d3.} 8. Re1 h6 9. Nbd2 Be6 10. Bb5 Bb6 11. Nc4 Ba7 12. Ne3 Ne7
13. Ba4 Ng6 14. Bc2 {[#]} Re8 $146 ({Predecessor:} 14... Nh7 15. d4 Ng5 16. Nf5
Nxf3+ 17. Qxf3 exd4 18. cxd4 d5 19. Be3 dxe4 20. Bxe4 c6 {1/2-1/2 (42) Antipov,
M (2596)-Predke,A (2683) Cheboksary 2021}) 15. d4 exd4 16. cxd4 d5 17. e5 Ne4
18. Ng4 c5 {White must now prevent ...cxd4.} 19. Be3 Rc8 20. dxc5 h5 21. Ngh2
Bxc5 22. Nd4 Bxd4 23. Bxd4 Nf4 24. Nf3 Ng5 25. Re3 (25. Bd3 $5) 25... Nxg2 26.
Nxg5 {[%mdl 64] [#] Discovered Attack} ({But not} 26. Kxg2 Bxh3+ 27. Kg1 Bg4
$17) 26... Qxg5 27. Rg3 {[%mdl 64] Double Attack} Qh4 {And now ...Nf4 would
win.} 28. Kxg2 Rxc2 $1 29. Qxc2 Qxd4 30. Rd1 Qf4 31. Qd2 Qe4+ 32. Kg1 Qxe5 33.
Qc3 Bd7 {[#]} ({Better is} 33... Qxc3 $14 34. Rxc3 Rd8) 34. Qxe5 ({Stronger
than} 34. Qxa5 h4 $11) (34. Rxd5 $1 $16 {[%mdl 512]} Qxc3 35. Rxc3 Re1+ 36. Kh2
) 34... Rxe5 $16 {[%mdl 4096] Endgame KRR-KRB} 35. f4 Re2 36. Rxd5 h4 37. Rb3 (
37. Rgg5 {keeps more tension.} f6 38. Rh5 Be8 39. Rxh4 a4 40. Rd8) 37... Be6
38. Rd8+ Kh7 39. Rxb7 Bxa2 (39... Bxh3 $14 40. Rd5 (40. Rxf7 Rg2+ 41. Kh1 Rxb2
$14) 40... Rg2+ 41. Kh1 Rg4) 40. f5 ({White should play} 40. Rb5 $16) 40...
Re1+ $14 41. Kg2 {Threatens to win with Rd4.} Re5 42. Rbb8 {[%csl Gb8][%cal
Rd8h8]} Kh6 43. Rh8+ Kg5 44. Rh7 g6 45. fxg6 fxg6 46. Kf2 Bb1 47. b4 {bxa5 is
the strong threat.} axb4 (47... Bf5 {is more complex.} 48. b5 Bxh3 49. b6 Rb5
50. b7 Rb2+) 48. Rxb4 {[%mdl 64] Double Attack} Be4 49. Rd4 Re8 50. Rd1 {
aiming for Rg1+.} Rf8+ {The position is equal.} 51. Ke3 Bg2 52. Rg1 Rf3+ 53.
Ke2 Rg3 54. Kf2 {Weighted Error Value: White=0.08/Black=0.09} 1/2-1/2

[Event "EICC 2021"]
[Site "Reykjavik"]
[Date "2021.09.05"]
[Round "11.8"]
[White "Sargissian, Gabriel"]
[Black "Sanal, Vahap"]
[Result "1/2-1/2"]
[WhiteElo "2682"]
[BlackElo "2557"]
[Annotator "TA"]
[PlyCount "83"]
[EventDate "2021.08.26"]
[EventType "swiss"]
[EventCountry "ISL"]
[Tiebreak "Cut1 Buchholz"]
[SourceTitle "playchess.com"]
[Source "ChessBase"]
[SourceQuality "1"]

{[%evp 9,83,20,33,26,30,7,8,10,19,0,19,9,12,14,12,8,10,17,23,0,7,-28,-28,-28,
-30,-32,-26,-41,0,-16,0,-26,0,-5,-11,0,0,-8,0,-16,-16,-13,-14,-17,0,0,7,12,18,
10,9,0,8,0,0,0,8,0,0,0,0,0,0,0,0,0,0,0,0,0,0,0,0,-12,0,0]} 1. d4 d5 2. c4 c6 3.
Nf3 Nf6 4. e3 Bg4 5. h3 Bh5 6. g4 {D11: Slav Defence: 3 Nf3 sidelines and 3...
Nf6 4 e3 Bg4.} Bg6 7. Ne5 Nbd7 8. Nxg6 hxg6 9. cxd5 Nxd5 10. Nc3 e6 11. Bg2 g5
{[#]} 12. O-O $146 ({Predecessor:} 12. Bd2 a5 13. O-O Be7 14. Ne2 Qc7 15. Rc1
a4 16. Nc3 N7b6 17. Ne4 Nd7 18. Qc2 N5f6 19. Rfd1 {1/2-1/2 (19) Izoria,Z (2572)
-Bu,X (2601) Bled 2002}) 12... Be7 13. Bd2 Nf8 14. Qb3 Qb6 15. Na4 Qxb3 16.
axb3 Nd7 17. Rfc1 a6 18. Nc3 N7b6 19. Ne4 Nd7 20. b4 Nxb4 (20... O-O-O {
seems wilder.} 21. Nc5 N7b6 22. Nd3 Bd6 23. Kf1 Nc7) 21. Bxb4 {The position is
equal.} Bxb4 22. Nxg5 Ke7 23. Nf3 a5 24. Kf1 Bd6 25. b3 Ra6 26. Ke2 Rha8 27. h4
a4 (27... Nf6 {looks sharper.} 28. g5 Nd5 29. h5 Rh8 30. Rh1 b5) 28. bxa4 Rxa4
29. Rxa4 Rxa4 30. Rc2 g6 31. h5 gxh5 32. gxh5 Ra5 33. h6 Rh5 34. Rb2 b6 35. Ra2
Bb8 36. Nd2 c5 37. dxc5 bxc5 38. Rb2 Rxh6 39. Rb7 {[#] Bc6 is the strong
threat.} Kd8 40. Ne4 Rg6 41. Bf3 f5 42. Nxc5 {Weighted Error Value: White=0.07/
Black=0.05} 1/2-1/2

[Event "EICC 2021"]
[Site "Reykjavik"]
[Date "2021.09.05"]
[Round "11.9"]
[White "Romanov, Evgeny"]
[Black "Bluebaum, Matthias"]
[Result "0-1"]
[WhiteElo "2594"]
[BlackElo "2674"]
[Annotator "ChessBase"]
[PlyCount "118"]
[EventDate "2021.08.26"]
[EventType "swiss"]
[EventCountry "ISL"]
[Tiebreak "Cut1 Buchholz"]
[SourceTitle "playchess.com"]
[Source "ChessBase"]
[SourceQuality "1"]
[TimeControl "40/5400+30:1800+30"]

1. b3 {[%emt 0:00:17]} d5 {[%emt 0:02:13]} 2. Bb2 {[%emt 0:00:10]} Bf5 {
[%emt 0:00:45]} 3. d3 {[%emt 0:00:11]} Nf6 {[%emt 0:01:37]} 4. Nd2 {[%emt 0:00:
23]} c5 {[%emt 0:00:05]} 5. Ngf3 {[%emt 0:14:19]} Nc6 {[%emt 0:00:40]} 6. g3 {
[%emt 0:03:02]} Qc7 {[%emt 0:01:00]} 7. Bg2 {[%emt 0:03:38]} e5 {[%emt 0:00:38]
} 8. e4 {[%emt 0:01:49]} dxe4 {[%emt 0:03:01]} 9. dxe4 {[%emt 0:00:28]} Be6 {
[%emt 0:00:43]} 10. O-O {[%emt 0:06:14]} Rd8 {[%emt 0:05:35]} 11. Qc1 {[%emt 0:
00:24]} Be7 {[%emt 0:04:23]} 12. Ng5 {[%emt 0:01:50]} Bc8 {[%emt 0:05:45]} 13.
Nc4 {[%emt 0:01:32]} Nd4 {[%emt 0:15:18]} 14. Re1 {[%emt 0:05:13]} Bg4 {
[%emt 0:02:23]} 15. f3 {[%emt 0:02:36]} Bc8 {[%emt 0:08:00]} 16. f4 {[%emt 0:
02:23]} Nd7 {[%emt 0:01:15]} 17. Nf3 {[%emt 0:04:30]} exf4 {[%emt 0:08:23]} 18.
Nxd4 {[%emt 0:12:18]} cxd4 {[%emt 0:01:04]} 19. e5 {[%emt 0:00:05]} O-O {
[%emt 0:01:39]} 20. Qxf4 {[%emt 0:00:10]} Nc5 {[%emt 0:00:30]} 21. Nd6 {
[%emt 0:09:15]} Ne6 {[%emt 0:02:43]} 22. Qf2 {[%emt 0:02:23]} Bxd6 {[%emt 0:02:
27]} 23. exd6 {[%emt 0:00:03]} Qxd6 {[%emt 0:01:45]} 24. Rad1 {[%emt 0:00:09]}
b6 {[%emt 0:02:52]} 25. Bxd4 {[%emt 0:12:01]} Nxd4 {[%emt 0:00:46]} 26. c3 {
[%emt 0:00:01]} Ne2+ {[%emt 0:01:19]} 27. Qxe2 {[%emt 0:00:15]} Qc5+ {[%emt 0:
00:03]} 28. Kh1 {[%emt 0:05:39]} Rxd1 {[%emt 0:00:12]} 29. Rxd1 {[%emt 0:00:53]
} Qxc3 {[%emt 0:00:12]} 30. Qe7 {[%emt 0:00:36]} a5 {[%emt 0:02:36]} 31. h4 {
[%emt 0:04:00]} h6 {[%emt 0:12:41]} 32. Kh2 {[%emt 0:04:40]} Qc2 {[%emt 0:00:
13]} 33. Rd8 {[%emt 0:02:25]} Rxd8 {[%emt 0:00:08]} 34. Qxd8+ {[%emt 0:00:04]}
Kh7 {[%emt 0:00:02]} 35. Qxb6 {[%emt 0:02:29]} Qxa2 {[%emt 0:01:36]} 36. Qc6 {
[%emt 0:01:24]} Be6 {[%emt 0:01:27]} 37. Qe4+ {[%emt 0:00:15]} g6 {[%emt 0:00:
04]} 38. b4 {[%emt 0:00:22]} axb4 {[%emt 0:00:37]} 39. h5 {[%emt 0:00:45]} Qc4
{[%emt 0:00:40]} 40. hxg6+ {[%emt 0:00:24]} fxg6 {[%emt 0:00:05]} 41. Qb7+ {
[%emt 0:04:46]} Bf7 {[%emt 0:00:24]} 42. Qe7 {[%emt 0:00:11]} b3 {[%emt 0:01:
26]} 43. Qf6 {[%emt 0:02:08]} Qe6 {[%emt 0:00:06]} 44. Qd4 {[%emt 0:00:17]} Qe7
{[%emt 0:02:22]} 45. Be4 {[%emt 0:04:24]} Qf8 {[%emt 0:01:59]} 46. Kg2 {
[%emt 0:00:53]} Qg7 {[%emt 0:00:54]} 47. Qb6 {[%emt 0:00:19]} Qe5 {[%emt 0:01:
56]} 48. Kf3 {[%emt 0:01:07]} Kg7 {[%emt 0:00:24]} 49. Qb7 {[%emt 0:01:02]} h5
{[%emt 0:01:07]} 50. Kf2 {[%emt 0:00:30]} Qf6+ {[%emt 0:00:29]} 51. Kg2 {
[%emt 0:00:43]} Kh6 {[%emt 0:01:03]} 52. Qb4 {[%emt 0:00:33]} Be6 {[%emt 0:00:
55]} 53. Qd2+ {[%emt 0:00:50]} Kg7 {[%emt 0:00:20]} 54. Qb4 {[%emt 0:00:12]} b2
{[%emt 0:02:33]} 55. Qb7+ {[%emt 0:01:44]} Bf7 {[%emt 0:00:03]} 56. Qb4 {
[%emt 0:04:17]} Qe5 {[%emt 0:00:23]} 57. Qb7 {[%emt 0:00:32]} Kh6 {[%emt 0:00:
56]} 58. Kf2 {[%emt 0:01:46]} Bd5 {[%emt 0:02:05]} 59. Bxd5 {[%emt 0:01:27]}
Qf5+ {[%emt 0:00:04]} 0-1

[Event "EICC 2021"]
[Site "Reykjavik"]
[Date "2021.09.05"]
[Round "11.10"]
[White "Nisipeanu, Liviu-Dieter"]
[Black "Bjerre, Jonas Buhl"]
[Result "1/2-1/2"]
[WhiteElo "2671"]
[BlackElo "2550"]
[Annotator "ChessBase"]
[PlyCount "119"]
[EventDate "2021.08.26"]
[EventType "swiss"]
[EventCountry "ISL"]
[Tiebreak "Cut1 Buchholz"]
[SourceTitle "playchess.com"]
[Source "ChessBase"]
[SourceQuality "1"]
[TimeControl "40/5400+30:1800+30"]

1. d4 {[%emt 0:00:06]} Nf6 {[%emt 0:00:14]} 2. c4 {[%emt 0:00:11]} e6 {[%emt 0:
00:08]} 3. Nc3 {[%emt 0:00:05]} Bb4 {[%emt 0:00:07]} 4. f3 {[%emt 0:00:26]} c5
{[%emt 0:01:47]} 5. a3 {[%emt 0:00:06]} Bxc3+ {[%emt 0:02:11]} 6. bxc3 {
[%emt 0:00:06]} Nc6 {[%emt 0:01:52]} 7. e4 {[%emt 0:00:07]} d6 {[%emt 0:02:34]}
8. Be3 {[%emt 0:00:08]} Qa5 {[%emt 0:03:02]} 9. Kf2 {[%emt 0:00:07]} Qxc3 {
[%emt 0:07:49]} 10. Ne2 {[%emt 0:01:45]} Qa5 {[%emt 0:04:12]} 11. dxc5 {
[%emt 0:01:12]} dxc5 {[%emt 0:02:50]} 12. Qd6 {[%emt 0:00:05]} Qd8 {[%emt 0:06:
41]} 13. Bxc5 {[%emt 0:09:55]} b6 {[%emt 0:15:30]} 14. Nc3 {[%emt 0:27:54]}
bxc5 {[%emt 0:07:07]} 15. Qxc6+ {[%emt 0:00:07]} Bd7 {[%emt 0:05:22]} 16. Qxc5
{[%emt 0:00:27]} Ng4+ 17. fxg4 {[%emt 0:12:28]} Qf6+ {[%emt 0:02:33]} 18. Ke3 {
[%emt 0:00:04]} Qxc3+ {[%emt 0:01:10]} 19. Bd3 {[%emt 0:00:05]} Rc8 {[%emt 0:
10:44]} 20. Qd4 {[%emt 0:06:31]} Qxd4+ {[%emt 0:00:44]} 21. Kxd4 {[%emt 0:00:
05]} Ke7 {[%emt 0:01:26]} 22. Rab1 {[%emt 0:02:28]} Rc7 {[%emt 0:01:56]} 23.
Rhc1 {[%emt 0:02:50]} Rd8 {[%emt 0:01:56]} 24. g5 {[%emt 0:00:56]} f6 {[%emt 0:
05:09]} 25. gxf6+ {[%emt 0:04:28]} gxf6 {[%emt 0:00:13]} 26. Ke3 {[%emt 0:01:
42]} Kd6 {[%emt 0:01:29]} 27. Rf1 {[%emt 0:03:12]} Ke5 {[%emt 0:02:00]} 28. Rf4
{[%emt 0:00:34]} Ba4 {[%emt 0:02:39]} 29. Rh4 {[%emt 0:00:48]} Rcd7 {[%emt 0:
00:44]} 30. Be2 {[%emt 0:08:05]} f5 {[%emt 0:01:14]} 31. exf5 {[%emt 0:01:01]}
exf5 {[%emt 0:00:03]} 32. g3 {[%emt 0:01:01]} Re7 {[%emt 0:02:43]} 33. Rb2 {
[%emt 0:02:03]} Bd1 {[%emt 0:03:18]} 34. Rh6 {[%emt 0:03:17]} f4+ {[%emt 0:01:
10]} 35. gxf4+ {[%emt 0:02:53]} Kf5+ {[%emt 0:00:05]} 36. Kf2 {[%emt 0:00:04]}
Kxf4 {[%emt 0:01:14]} 37. Rh4+ {[%emt 0:04:01]} Kg5 {[%emt 0:00:17]} 38. Rb5+ {
[%emt 0:01:22]} Kg6 {[%emt 0:00:14]} 39. Rg4+ {[%emt 0:00:16]} Kf6 {[%emt 0:00:
49]} 40. Rf4+ {[%emt 0:00:09]} Kg6 {[%emt 0:00:23]} 41. Rb2 {[%emt 0:08:21]}
Kg5 {[%emt 0:04:18]} 42. Rf3 {[%emt 0:00:23]} Rxe2+ {[%emt 0:07:35]} 43. Rxe2 {
[%emt 0:00:05]} Bxe2 {[%emt 0:00:04]} 44. Kxe2 {[%emt 0:00:15]} Rd4 {[%emt 0:
01:47]} 45. Rc3 {[%emt 0:01:15]} Rh4 {[%emt 0:02:55]} 46. h3 {[%emt 0:14:36]}
Kf6 {[%emt 0:00:36]} 47. c5 {[%emt 0:02:35]} Ke7 {[%emt 0:00:53]} 48. Rd3 {
[%emt 0:00:17]} Rc4 {[%emt 0:03:26]} 49. Rd5 {[%emt 0:00:05]} Rc3 {[%emt 0:02:
21]} 50. Rh5 {[%emt 0:00:10]} Kd7 {[%emt 0:02:54]} 51. Rxh7+ {[%emt 0:02:17]}
Kc6 {[%emt 0:00:08]} 52. h4 {[%emt 0:00:15]} Rxa3 {[%emt 0:00:49]} 53. h5 {
[%emt 0:00:06]} Kxc5 {[%emt 0:01:04]} 54. h6 {[%emt 0:04:02]} Rh3 {[%emt 0:00:
16]} 55. Rh8 {[%emt 0:00:04]} Kb4 {[%emt 0:02:06]} 56. Kf2 {[%emt 0:01:51]} a5
{[%emt 0:01:15]} 57. Kg2 {[%emt 0:00:07]} Rh5 {[%emt 0:00:07]} 58. Kg3 {
[%emt 0:00:14]} a4 {[%emt 0:00:17]} 59. Kg4 {[%emt 0:00:10]} Rh1 {[%emt 0:00:
30]} 60. Rb8+ {[%emt 0:00:18]} 1/2-1/2

[Event "EICC 2021"]
[Site "Reykjavik"]
[Date "2021.09.05"]
[Round "11.11"]
[White "Lupulescu, Constantin"]
[Black "Ivic, Velimir"]
[Result "1/2-1/2"]
[WhiteElo "2659"]
[BlackElo "2571"]
[Annotator "ChessBase"]
[PlyCount "158"]
[EventDate "2021.08.26"]
[EventType "swiss"]
[EventCountry "ISL"]
[Tiebreak "Cut1 Buchholz"]
[SourceTitle "playchess.com"]
[Source "ChessBase"]
[SourceQuality "1"]
[TimeControl "40/5400+30:1800+30"]

1. d4 {[%emt 0:00:04]} Nf6 {[%emt 0:00:06]} 2. c4 {[%emt 0:00:03]} g6 {[%emt 0:
00:05]} 3. Nc3 {[%emt 0:00:04]} d5 {[%emt 0:00:05]} 4. cxd5 {[%emt 0:00:04]}
Nxd5 {[%emt 0:00:04]} 5. e4 {[%emt 0:00:03]} Nxc3 {[%emt 0:00:06]} 6. bxc3 {
[%emt 0:00:03]} Bg7 {[%emt 0:00:08]} 7. Bb5+ {[%emt 0:00:04]} c6 {[%emt 0:00:
44]} 8. Ba4 {[%emt 0:00:15]} O-O {[%emt 0:00:10]} 9. Ne2 {[%emt 0:00:12]} b5 {
[%emt 0:02:15]} 10. Bb3 {[%emt 0:00:43]} a5 {[%emt 0:02:03]} 11. O-O {[%emt 0:
00:42]} Nd7 {[%emt 0:03:11]} 12. a3 {[%emt 0:13:10]} e5 {[%emt 0:06:23]} 13.
Be3 {[%emt 0:01:14]} Qe7 {[%emt 0:05:11]} 14. f3 {[%emt 0:03:39]} Ba6 {[%emt 0:
02:06]} 15. Re1 {[%emt 0:11:06]} c5 {[%emt 0:20:22]} 16. Bd5 {[%emt 0:06:05]}
Rad8 {[%emt 0:01:33]} 17. Qd2 {[%emt 0:07:26]} exd4 {[%emt 0:19:28]} 18. cxd4 {
[%emt 0:00:32]} Nb6 {[%emt 0:00:30]} 19. Bg5 {[%emt 0:04:41]} Qd6 {[%emt 0:19:
11]} 20. Bxd8 {[%emt 0:05:20]} Rxd8 {[%emt 0:00:08]} 21. Qxa5 {[%emt 0:03:03]}
Nxd5 {[%emt 0:02:39]} 22. exd5 {[%emt 0:00:40]} cxd4 {[%emt 0:03:02]} 23. Rad1
{[%emt 0:03:29]} Ra8 {[%emt 0:06:01]} 24. Nxd4 {[%emt 0:03:55]} Be5 {[%emt 0:
00:44]} 25. Rxe5 {[%emt 0:04:12]} Qxe5 {[%emt 0:00:17]} 26. Nc6 {[%emt 0:00:12]
} Qe3+ {[%emt 0:00:28]} 27. Kh1 {[%emt 0:00:06]} Bb7 {[%emt 0:03:39]} 28. Qxb5
{[%emt 0:02:48]} Re8 {[%emt 0:01:56]} 29. h3 {[%emt 0:08:49]} Bc8 {[%emt 0:00:
11]} 30. Qd3 {[%emt 0:00:48]} Qf2 {[%emt 0:00:37]} 31. Qf1 {[%emt 0:06:47]} Qc5
{[%emt 0:01:03]} 32. Re1 {[%emt 0:01:38]} Bd7 {[%emt 0:00:46]} 33. Rxe8+ {
[%emt 0:01:02]} Bxe8 {[%emt 0:00:01]} 34. a4 {[%emt 0:00:54]} Kf8 {[%emt 0:00:
28]} 35. Qa1 {[%emt 0:02:36]} Bxc6 {[%emt 0:00:40]} 36. dxc6 {[%emt 0:00:10]}
Qxc6 {[%emt 0:00:04]} 37. a5 {[%emt 0:00:10]} Qa6 {[%emt 0:00:02]} 38. Qh8+ {
[%emt 0:01:39]} Ke7 {[%emt 0:00:03]} 39. Qe5+ {[%emt 0:00:04]} Kd7 {[%emt 0:00:
07]} 40. Qd5+ {[%emt 0:01:56]} Ke7 {[%emt 0:02:32]} 41. Qc5+ {[%emt 0:33:11]}
Kd7 {[%emt 0:30:29]} 42. Kh2 {[%emt 0:00:48]} Qf6 {[%emt 0:00:45]} 43. Qb5+ {
[%emt 0:00:00]} Kc7 {[%emt 0:00:00]} 44. Qc4+ {[%emt 0:00:00]} Kb7 {[%emt 0:00:
00]} 45. f4 {[%emt 0:00:00]} Qd6 {[%emt 0:00:00]} 46. Qxf7+ {[%emt 0:00:00]}
Ka6 {[%emt 0:00:00]} 47. Qc4+ {[%emt 0:00:00]} Kxa5 {[%emt 0:00:00]} 48. Qc3+ {
[%emt 0:00:00]} Kb6 {[%emt 0:00:00]} 49. Qe5 {[%emt 0:00:00]} Qd2 {[%emt 0:00:
00]} 50. Kg3 {[%emt 0:00:39]} Kc6 {[%emt 0:00:00]} 51. Kf3 {[%emt 0:02:50]} Kd7
{[%emt 0:00:00]} 52. h4 {[%emt 0:01:46]} Qd3+ {[%emt 0:00:00]} 53. Kg4 {
[%emt 0:00:55]} Qd1+ {[%emt 0:00:00]} 54. Kg3 {[%emt 0:00:24]} Qd3+ {[%emt 0:
00:00]} 55. Kg4 {[%emt 0:00:10]} Qd1+ {[%emt 0:00:00]} 56. Kg3 {[%emt 0:00:05]}
Qd3+ {[%emt 0:00:00]} 57. Kh2 {[%emt 0:00:03]} h5 {[%emt 0:00:00]} 58. Kg1 {
[%emt 0:04:14]} Qd1+ {[%emt 0:00:00]} 59. Kf2 {[%emt 0:00:08]} Qd2+ {[%emt 0:
00:00]} 60. Kf3 {[%emt 0:00:11]} Qd3+ {[%emt 0:00:00]} 61. Qe3 {[%emt 0:00:15]}
Qf5 {[%emt 0:00:57]} 62. Qd4+ {[%emt 0:02:06]} Ke6 {[%emt 0:00:54]} 63. Qe4+ {
[%emt 0:00:11]} Kf6 {[%emt 0:00:04]} 64. Qc6+ {[%emt 0:00:21]} Kg7 {[%emt 0:00:
52]} 65. Ke3 {[%emt 0:00:23]} Qg4 {[%emt 0:00:55]} 66. Qc7+ {[%emt 0:00:42]}
Kh6 {[%emt 0:01:17]} 67. Qe5 {[%emt 0:00:37]} Qg3+ {[%emt 0:00:48]} 68. Kd4 {
[%emt 0:00:05]} Qf2+ {[%emt 0:00:28]} 69. Kc3 {[%emt 0:00:34]} Kh7 {[%emt 0:01:
34]} 70. Qe7+ {[%emt 0:00:32]} Kg8 {[%emt 0:01:12]} 71. Qe4 {[%emt 0:01:05]}
Kh7 {[%emt 0:00:46]} 72. Qe7+ {[%emt 0:00:47]} Kg8 {[%emt 0:00:09]} 73. Qg5 {
[%emt 0:00:05]} Kf7 {[%emt 0:02:41]} 74. f5 {[%emt 0:01:43]} Qxf5 {[%emt 0:01:
47]} 75. Qxf5+ {[%emt 0:00:03]} gxf5 {[%emt 0:00:03]} 76. Kd4 {[%emt 0:01:05]}
Ke6 {[%emt 0:00:16]} 77. Ke3 {[%emt 0:00:22]} Ke5 {[%emt 0:00:04]} 78. g3 {
[%emt 0:00:06]} Ke6 {[%emt 0:00:03]} 79. Kf3 {[%emt 0:00:39]} Ke5 {[%emt 0:00:
05]} 1/2-1/2